000 00786cam a2200289 i 4500
001 13516
003 CO-MdFUSB
005 20250611130943.0
008 220621t2002 sp a|||| |||| 00| 0 spa d
020 _a8481694886
040 _bspa.
_aCO-MdFUSB
_cCO-MdFUSB
_dCO-MdFUSBC
_erda
041 _aspa
082 0 4 _a222.2
_b S567n
100 1 _aSicre Díaz, José Luis (1940-)
245 1 0 _aJosué
_c/ José Luis Sicre
264 1 _aNavarra :
_bVerbo Divino,
_c[2002]
264 4 _c© 2002
300 _a520 páginas
_c;
336 _2rdacontent
_atexto
_btxt
337 _2rdamedia
_asin mediación
_bn
338 _2rdacarrier
_avolumen
_bnc
501 _aPasta dura
630 0 7 _aBiblia.
_pAntiguo Testamento
630 0 7 _aBiblia.
_pJosué
942 _cREF
945 _aestudiante
999 _c42476
_d42476